| 000 | 01396cam a2200397 a 4500 | ||
|---|---|---|---|
| 001 | 82225 | ||
| 005 | 20230410115456.0 | ||
| 008 | 080229s2007 mx a b 000 0 spa | ||
| 010 | _a 2008540278 | ||
| 035 | _a(OCoLC)ocn226297134 | ||
| 040 |
_aDLC _cDLC _dCGU |
||
| 020 | _a9789702712404 | ||
| 020 | _a9702712408 | ||
| 035 | _a(OCoLC)226297134 | ||
| 050 | 1 | 4 |
_aHD 85 _bP964 2007 |
| 082 | 0 | 0 | _a338.9 |
| 245 | 0 | 0 |
_aProgreso y desarrollo / _cRicardo Avila, coordinador. |
| 260 |
_aGuadalajara, Jalisco, México : _bUniversidad de Guadalajara, _c2007. |
||
| 300 |
_a248 p. : _bill. ; _c23 cm. |
||
| 490 | 1 | _aColección Estudios del hombre. Serie ensayos | |
| 500 | _a"Universidad de Guadalajara, Centro Universitario de Ciencias Sociales y Humanidades, Departamento de Estudios Mesoamericanos y Mexicanos"--P. [4] of cover. | ||
| 504 | _aIncludes bibliographical references. | ||
| 650 | 0 | _aEconomic development. | |
| 650 | 0 | _aSustainable development. | |
| 650 | 0 | _aProgress. | |
| 650 | 4 | _aDesarrollo económico. | |
| 650 | 4 | _aDesarrollo sostenible. | |
| 650 | 4 | _aprogreso. | |
| 650 | 4 | _aPrimera Jornada de Catalogacion. | |
| 700 | 1 | _aAvila Palafox, Ricardo. | |
| 710 | 2 |
_aUniversidad de Guadalajara. _bDepartamento de Estudios Mesoamericanos y Mexicanos. |
|
| 830 | 0 |
_aEstudios del hombre. _pSerie Ensayos. |
|
| 942 |
_2lcc _cbk |
||
| 994 |
_aC0 _bDRFGD |
||
| 946 | _aRdc | ||
| 999 |
_c41938 _d41938 |
||